Handbook of Education Policy Studies : School/University, Curriculum, and Assessment, Volume 2 /

This open access handbook brings together the latest research from a wide range of internationally influential scholars to analyze educational policy research from international, historical and interdisciplinary perspectives. By effectively breaking through the boundaries between countries and disci...

Full description

Bibliographic Details
Corporate Author: SpringerLink (Online service)
Other Authors: Fan, Guorui (Editor), Popkewitz, Thomas S. (Editor)
Format: eBook
Language:English
Published: Singapore : Springer Singapore : Imprint: Springer, 2020.
Edition:1st ed. 2020.
Subjects:
Online Access:Connect to the full text of this electronic book

MARC

Tag First Indicator Second Indicator Subfields
LEADER 00000nam a22000005i 4500
001 in00004382913
006 m o d
007 cr nn 008mamaa
008 200610s2020 si | o |||| 0|eng d
005 20230829015735.8
020 |a 9789811383434 
024 7 |a 10.1007/978-981-13-8343-4  |2 doi 
035 |a (DE-He213)978-981-13-8343-4 
050 4 |a LC8-6691 
072 7 |a JNF  |2 bicssc 
072 7 |a EDU034000  |2 bisacsh 
072 7 |a JNF  |2 thema 
082 0 4 |a 379  |2 23 
245 1 0 |a Handbook of Education Policy Studies :  |b School/University, Curriculum, and Assessment, Volume 2 /  |c edited by Guorui Fan, Thomas S. Popkewitz. 
250 |a 1st ed. 2020. 
264 1 |a Singapore :  |b Springer Singapore :  |b Imprint: Springer,  |c 2020. 
300 |a 1 online resource (XXIX, 383 pages 22 illustrations, 16 illustrations in color.) 
336 |a text  |b txt  |2 rdacontent 
337 |a computer  |b c  |2 rdamedia 
338 |a online resource  |b cr  |2 rdacarrier 
347 |a text file  |b PDF  |2 rda 
505 0 |a Part 1 Education Policies and National Development: Past and Present -- Part 2 Education Policies and Modernization -- Part 3 International Assessment, ICT and Education Reforms -- Part 4 Transnational Policies and Educational Systems. 
506 0 |a Open Access 
520 |a This open access handbook brings together the latest research from a wide range of internationally influential scholars to analyze educational policy research from international, historical and interdisciplinary perspectives. By effectively breaking through the boundaries between countries and disciplines, it presents new theories, techniques and methods for contemporary education policy, and illustrates the educational policies and educational reform practices that various countries have introduced to meet the challenges of continuous change. This volume focuses on policies and changes in schools and classrooms. The studies on school changes present the differences in the policies and challenges of K-12 schools and universities in different countries and regions, and in connection with the contradictions and conflicts between tradition and modernization, as well as the changing roles of various stakeholders, especially that of teachers. In terms of curriculum and instruction, many countries have undertaken experiments and introduced changes based on two major themes: "what to teach" and "how to teach". International education assessments represented by PISA not only promote the improvement and extensive application of educational assessment and testing techniques, but have also had far-reaching impacts on education policies and education reforms in many countries. Focusing on the changes in educational policies at the micro level, this volume comprehensively reveals the complex interactions between school organizations, teachers, curricula, teaching and learning, evaluation and other elements within the education system, as well as the latest related reforms worldwide. 
650 0 |a Educational policy. 
650 0 |a Education and state. 
650 0 |a International education . 
650 0 |a Comparative education. 
650 1 4 |a Educational Policy and Politics.  |0 https://scigraph.springernature.com/ontologies/product-market-codes/O19000 
650 2 4 |a International and Comparative Education.  |0 https://scigraph.springernature.com/ontologies/product-market-codes/O13000 
655 7 |a Electronic books.  |2 local 
700 1 |a Fan, Guorui.  |e editor.  |4 edt  |4 http://id.loc.gov/vocabulary/relators/edt 
700 1 |a Popkewitz, Thomas S.  |e editor.  |4 edt  |4 http://id.loc.gov/vocabulary/relators/edt 
710 2 |a SpringerLink (Online service) 
773 0 |t Springer Nature eBook 
776 0 8 |i Printed edition:  |z 9789811383427 
776 0 8 |i Printed edition:  |z 9789811383441 
776 0 8 |i Printed edition:  |z 9789811383458 
856 4 0 |u https://doi.org/10.1007/978-981-13-8343-4  |z Connect to the full text of this electronic book  |t 0 
950 |a Education (SpringerNature-41171) 
950 |a Education (R0) (SpringerNature-43721) 
955 |a Springer OA ebooks 
999 f f |s c31d2b52-9c94-3e21-8a76-77758c9a995e  |i c8f1d076-f4d3-3bc9-a22b-c562c103926b  |t 0 
952 f f |a Texas A&M University  |b College Station  |c Electronic Resources  |d Available Online  |t 0  |e LC8-6691  |h Library of Congress classification 
998 f f |a LC8-6691  |t 0  |l Available Online